00491nam a2200193 a 4500001001300000003000900013005001700022008004100039020001000080082001300090100001600103245003500119260004800154300000900202500003500211505001000246650002500256700001600281nice12345678IN_TiNIC20260116011430.0050524s1957 laha grp 000 0 eng  ac10000a344bJOS aJoshua, P N aManual of Laws for Christians. aLahorebPunjab Religious Booksociety c1957 a125p aincludes index and biblioraphy2 aIndex aChristianity and Law1 aJoshua, P N